000 00326nam a22001337a 4500
008 210310b ||||| |||| 00| 0 eng d
041 _aeng
080 _22nd
_a510
082 _a510
100 _a36
101 _aMAT
245 _aField Experience for Elementary and Middle School Mathematics
_cWalle,J.A
942 _2udc
_cBK
999 _c56248
_d56248